[Event "Online Olym Disabilities"]
[Site "Tornelo INT"]
[Date "2020.11.24"]
[Round "4.13"]
[White "Morin, Louis"]
[Black "Mrunali, Pande"]
[Result "1-0"]
[WhiteElo "1806"]
[BlackElo "1236"]
[PlyCount "73"]
[EventDate "2020.11.21"]
[EventType "team-swiss (rapid)"]
[EventRounds "7"]
[EventCountry "NET"]
[SourceTitle "CBM 199 Extra"]
[Source "ChessBase"]
[SourceDate "2021.01.31"]
[SourceVersion "1"]
[SourceVersionDate "2021.01.31"]
[SourceQuality "1"]
[WhiteTeam "Canada"]
[BlackTeam "India III"]
[WhiteTeamCountry "CAN"]
[BlackTeamCountry "IND"]

1. e4 e5 2. Nf3 Nc6 3. Bc4 Bc5 4. Bxf7+ Kxf7 5. Nxe5+ Nxe5 6. Qh5+ Ng6 7. Qd5+ Kf8 8. Qxc5+ d6 9. Qe3 Nf6 10. d3 Kf7 11. 0-0 Rf8 12. f4 Kg8 13. Nc3 c6 14. Bd2 Ng4 15. Qg3 Qb6+ 16. Kh1 Qxb2 17. Rac1 Nh6 18. f5 Ne5 19. Bxh6 Rf7 20. Bd2 Bd7 21. h3 Qb6 22. Qe3 Qd8 23. Kh2 Qh4 24. Qg3 Qd8 25. Bg5 Qa5 26. d4 Nc4 27. Qd3 b5 28. g4 Re8 29. Rce1 Qc7 30. Bf4 Kh8 31. a4 a6 32. axb5 axb5 33. g5 Rg8 34. Qg3 Qb8 35. g6 Re7 36. Qh4 Rge8 37. Qxh7# 1-0

[Event "Quebec-ch Seniors 50+"]
[Site "Montreal"]
[Date "2019.04.28"]
[Round "4"]
[White "Marchand, Jacques"]
[Black "Morin, Louis"]
[Result "0-1"]
[WhiteElo "1908"]
[BlackElo "1865"]
[PlyCount "70"]
[EventDate "2019.04.26"]
[EventType "swiss"]
[EventRounds "5"]
[EventCountry "CAN"]
[SourceTitle "EXT 2022"]
[Source "ChessBase"]
[SourceDate "2021.10.06"]
[SourceVersion "1"]
[SourceVersionDate "2021.10.06"]
[SourceQuality "1"]

1. e4 e5 2. Bc4 Nf6 3. d3 d5 4. exd5 Nxd5 5. Nf3 Nc6 6. 0-0 Be7 7. Re1 Bg4 8. h3 Bxf3 9. Qxf3 Nd4 10. Qxd5 Qxd5 11. Bxd5 Nxc2 12. Re2 Nxa1 13. b3 0-0-0 14. Bc4 Bf6 15. Nc3 c6 16. a4 e4 17. Nxe4 b5 18. axb5 cxb5 19. Bxb5 Nxb3 20. Bf4 Nd4 21. Ba6+ Kd7 22. Nxf6+ gxf6 23. Re4 Ne6 24. Bb5+ Ke7 25. Bc1 Rd4 26. Ba3+ Kd8 27. Re1 a6 28. Bc4 Kd7 29. Bxa6 Rb8 30. Bc4 Kc6 31. Bxe6 Rxd3 32. Bxf7 Rxa3 33. Re6+ Kd7 34. Rxf6 Ke7 35. Rf4 Rf8 0-1

[Event "Contrecoeur-B"]
[Site "Contrecoeur"]
[Date "2018.11.04"]
[Round "5.3"]
[White "Morin, Louis"]
[Black "Duplessis, Jean Roch"]
[Result "1-0"]
[WhiteElo "1923"]
[BlackElo "1733"]
[PlyCount "21"]
[EventDate "2018.11.02"]
[EventType "swiss"]
[EventRounds "5"]
[EventCountry "CAN"]
[SourceTitle "EXT 2022"]
[Source "ChessBase"]
[SourceDate "2021.10.06"]
[SourceVersion "1"]
[SourceVersionDate "2021.10.06"]
[SourceQuality "1"]

1. e4 c5 2. a3 Nc6 3. b4 e6 4. b5 Qf6 5. c3 Nd8 6. d4 Qg6 7. Nf3 Qxe4+ 8. Be3 b6 9. Bd3 Qg4 10. h3 Qxg2 11. Rh2 1-0

[Event "Quebec op U2000"]
[Site "Longueuil"]
[Date "2018.07.26"]
[Round "7.29"]
[White "Marcone, Malcom"]
[Black "Morin, Louis"]
[Result "1-0"]
[WhiteElo "1997"]
[BlackElo "1899"]
[PlyCount "125"]
[EventDate "2018.07.21"]
[EventType "swiss"]
[EventRounds "9"]
[EventCountry "CAN"]
[SourceTitle "EXT 2022"]
[Source "ChessBase"]
[SourceDate "2021.10.06"]
[SourceVersion "1"]
[SourceVersionDate "2021.10.06"]
[SourceQuality "1"]

1. d4 d5 2. c4 e6 3. Nf3 Nf6 4. g3 Be7 5. Bg2 0-0 6. 0-0 Nbd7 7. Qc2 a6 8. Nbd2 Re8 9. e4 dxe4 10. Nxe4 Nxe4 11. Qxe4 Nf6 12. Qc2 c6 13. Rd1 Bd7 14. Ne5 Qc7 15. Qe2 Rad8 16. Bf4 Qc8 17. g4 g6 18. Qf3 Kg7 19. Bg5 Rf8 20. Rd3 Ng8 21. Bxe7 Nxe7 22. Qe3 f6 23. Nxd7 Qxd7 24. Rad1 Ng8 25. f4 Nh6 26. h3 Nf7 27. d5 cxd5 28. cxd5 e5 29. g5 Rc8 30. gxf6+ Kxf6 31. fxe5+ Nxe5 32. Qd4 Qd6 33. Rb3 b5 34. a4 Rb8 35. Rf1+ Kg7 36. Re1 Rf5 37. axb5 axb5 38. Rbe3 Re8 39. b4 Qf6 40. Kh1 Kh6 41. d6 Re6 42. Qc5 Rxd6 43. Rxe5 Rd1 44. Qe3+ Qg5 45. Rxd1 Rxe5 46. Qxg5+ Kxg5 47. Rd5 Kf4 48. Rxe5 Kxe5 49. Kh2 Kd4 50. Kg3 Kc3 51. Kf4 Kxb4 52. Bd5 Kc5 53. Ke5 g5 54. Bf7 Kc6 55. Kf6 h6 56. Kg6 Kd6 57. Kxh6 Ke7 58. Kg7 b4 59. Bb3 Ke8 60. Bf7+ Ke7 61. Kg6 Kf8 62. Bb3 g4 63. hxg4 1-0

[Event "Laval op"]
[Site "Laval"]
[Date "2017.06.25"]
[Round "4"]
[White "Morin, Louis"]
[Black "Zhang, Hou Han"]
[Result "0-1"]
[WhiteElo "1886"]
[BlackElo "1752"]
[PlyCount "74"]
[EventDate "2017.06.23"]
[EventType "swiss"]
[EventRounds "5"]
[EventCountry "CAN"]
[SourceTitle "CBM 179 Extra"]
[Source "ChessBase"]
[SourceDate "2017.08.23"]
[SourceVersion "1"]
[SourceVersionDate "2017.08.23"]
[SourceQuality "1"]

1. e4 c5 2. d4 cxd4 3. c3 Nf6 4. e5 Nd5 5. c4 Nb6 6. Qxd4 Nc6 7. Qe4 d6 8. Nf3 g6 9. Be2 Bf5 10. Qf4 dxe5 11. Nxe5 Nd4 12. Na3 Nxe2 13. Kxe2 Bg7 14. Rd1 Qc7 15. Nxg6 e5 16. Nb5 Qb8 17. Qxf5 hxg6 18. Qd3 0-0 19. Nd6 Qc7 20. Be3 Na4 21. Qa3 Rfd8 22. Qxa4 Rxd6 23. Rxd6 Qxd6 24. Rd1 Qe6 25. Rd5 Qg4+ 26. Kf1 Rc8 27. Rc5 Rd8 28. f3 Qf5 29. Kf2 Qb1 30. b4 Rd1 31. Qe8+ Kh7 32. Kg3 Rf1 33. Bg5 Qf5 34. h4 f6 35. Bd2 Qd3 36. Rd5 Qe2 37. Rd8 Qf2+ 0-1

[Event "Laval op"]
[Site "Laval"]
[Date "2017.06.23"]
[Round "1"]
[White "Bassel, Charaf"]
[Black "Morin, Louis"]
[Result "1-0"]
[WhiteElo "2127"]
[BlackElo "1886"]
[PlyCount "41"]
[EventDate "2017.06.23"]
[EventType "swiss"]
[EventRounds "5"]
[EventCountry "CAN"]
[SourceTitle "CBM 179 Extra"]
[Source "ChessBase"]
[SourceDate "2017.08.23"]
[SourceVersion "1"]
[SourceVersionDate "2017.08.23"]
[SourceQuality "1"]

1. c4 d5 2. cxd5 c6 3. dxc6 Nxc6 4. Nf3 e5 5. d3 Bc5 6. e3 Nf6 7. Be2 0-0 8. 0-0 Qe7 9. a3 Rd8 10. Ne1 Bf5 11. b4 Bb6 12. Nd2 Rac8 13. Nc4 Bc7 14. b5 Na5 15. Nxa5 Bxa5 16. Bb2 Bxe1 17. Rxe1 Bxd3 18. Bxd3 e4 19. Bd4 exd3 20. Qxd3 Rc5 21. Bxc5 1-0

[Event "Montreal Transcontinental ABCDEFG"]
[Site "Montreal"]
[Date "2016.12.11"]
[Round "5"]
[White "Morin, Louis"]
[Black "Guipi Bopala, Prince Eric Jr"]
[Result "1/2-1/2"]
[WhiteElo "1895"]
[BlackElo "1831"]
[PlyCount "77"]
[EventDate "2016.12.09"]
[EventType "swiss"]
[EventRounds "5"]
[EventCountry "CAN"]
[SourceTitle "EXT 2022"]
[Source "ChessBase"]
[SourceDate "2021.10.06"]
[SourceVersion "1"]
[SourceVersionDate "2021.10.06"]
[SourceQuality "1"]

1. e4 e5 2. Nf3 Nc6 3. Bb5 a6 4. Bxc6 dxc6 5. 0-0 Bg4 6. h3 Bxf3 7. Qxf3 Bc5 8. d3 h6 9. Be3 Bxe3 10. Qxe3 Qe7 11. Nd2 Nf6 12. d4 exd4 13. Qxd4 Rd8 14. Qc3 0-0 15. Rae1 Rfe8 16. f3 Qd6 17. Nc4 Qg3 18. Ne3 Nh5 19. Nf5 Qg6 20. Rd1 Rxd1 21. Rxd1 Nf4 22. Qd2 Nxh3+ 23. Kh2 Ng5 24. Ne7+ Rxe7 25. Qd8+ Kh7 26. Qxe7 Qh5+ 27. Kg3 Qg6 28. Kf2 Ne6 29. Rd7 Nf4 30. g4 f6 31. Rxc7 h5 32. Rc8 hxg4 33. Qe8 g3+ 34. Ke1 Qg5 35. Qg8+ Kh6 36. Qh8+ Kg6 37. Qe8+ Kh7 38. Qh8+ Kg6 39. Qe8+ 1/2-1/2

[Event "Quebec op U2000"]
[Site "Montreal"]
[Date "2016.07.28"]
[Round "7.1"]
[White "Morin, Louis"]
[Black "Ivakhin, Mikhail"]
[Result "0-1"]
[WhiteElo "1907"]
[BlackElo "1853"]
[PlyCount "82"]
[EventDate "2016.07.23"]
[EventType "swiss"]
[EventRounds "8"]
[EventCountry "CAN"]
[SourceTitle "EXT 2022"]
[Source "ChessBase"]
[SourceDate "2021.10.06"]
[SourceVersion "1"]
[SourceVersionDate "2021.10.06"]
[SourceQuality "1"]

1. e4 e6 2. d4 d5 3. exd5 Qxd5 4. Nf3 Nf6 5. Bd3 Be7 6. 0-0 0-0 7. Nc3 Qd8 8. Bf4 a6 9. a3 b6 10. Qe2 Bb7 11. Rad1 Bd6 12. Bxd6 cxd6 13. Ne4 Nxe4 14. Bxe4 Bxe4 15. Qxe4 Ra7 16. c4 Rc7 17. Rc1 Nd7 18. Rc3 Nf6 19. Qh4 d5 20. Rfc1 dxc4 21. Rxc4 Rxc4 22. Rxc4 Qd5 23. Rc2 Qb3 24. Ne1 h6 25. Qg3 Qa4 26. Qc3 Rd8 27. Nf3 Qb5 28. h3 Qf5 29. Qc7 Rf8 30. Ne1 Nd5 31. Qe5 Qg6 32. Kh2 Rd8 33. f4 Re8 34. g3 a5 35. Re2 Qb1 36. Qe4 Qxe4 37. Rxe4 Rc8 38. Re2 Rc4 39. Nc2 f5 40. Rd2 Kf7 41. Kg2 Rxc2 0-1

[Event "Quebec op U2000"]
[Site "Montreal"]
[Date "2016.07.27"]
[Round "6.30"]
[White "Marcone, Malcom"]
[Black "Morin, Louis"]
[Result "0-1"]
[WhiteElo "1806"]
[BlackElo "1907"]
[PlyCount "146"]
[EventDate "2016.07.23"]
[EventType "swiss"]
[EventRounds "8"]
[EventCountry "CAN"]
[SourceTitle "EXT 2022"]
[Source "ChessBase"]
[SourceDate "2021.10.06"]
[SourceVersion "1"]
[SourceVersionDate "2021.10.06"]
[SourceQuality "1"]

1. d4 d5 2. c4 e6 3. Nf3 Nf6 4. g3 Be7 5. Bg2 0-0 6. 0-0 b6 7. Qc2 Bb7 8. Rd1 Nbd7 9. cxd5 Nxd5 10. a3 N5f6 11. Nc3 c5 12. dxc5 Bxc5 13. Bf4 Rc8 14. b4 Bxf2+ 15. Kxf2 Ne4+ 16. Qxe4 Bxe4 17. Nxe4 Rc2 18. Nd4 Rc4 19. Nd6 Rxd4 20. Rxd4 e5 21. Nb7 Qe7 22. Rxd7 Qxd7 23. Bxe5 Qf5+ 24. Bf4 g5 25. e4 Qf6 26. e5 Qf5 27. Nd6 Qc2+ 28. Kg1 gxf4 29. gxf4 Kh8 30. Rf1 Qd2 31. Ne4 Qe3+ 32. Kh1 Rc8 33. Nd6 Rc1 34. Nxf7+ Kg7 35. Ng5 h6 36. Ne6+ Kf7 37. Nd8+ Ke7 38. Nc6+ Kf8 39. h3 Qxf4 40. Rxc1 Qxc1+ 41. Kh2 Qxa3 42. e6 Qe3 43. e7+ Ke8 44. b5 Qe2 45. Kg3 Qxb5 46. Be4 Qg5+ 47. Kf3 a5 48. h4 Qh5+ 49. Ke3 Kd7 50. Bg6 Qc5+ 51. Ke2 Qc4+ 52. Ke3 Qe6+ 53. Kd2 Qd6+ 54. Ke3 Qe6+ 55. Kd2 Qxg6 56. Ne5+ Kxe7 57. Nxg6+ Kf6 58. Nf4 Kf5 59. Nd5 b5 60. Nc3 b4 61. Na4 Ke4 62. h5 Kd4 63. Nb2 Ke4 64. Ke2 Kf4 65. Nd3+ Kg4 66. Ke3 Kxh5 67. Kf4 Kg6 68. Nc5 Kf6 69. Kg4 Ke5 70. Kh5 Kd5 71. Na4 Kc6 72. Kxh6 Kb5 73. Nb2 a4 0-1

[Event "Quebec op U2000"]
[Site "Montreal"]
[Date "2016.07.25"]
[Round "4.28"]
[White "Morin, Louis"]
[Black "Shah, Omaray M"]
[Result "1-0"]
[WhiteElo "1907"]
[BlackElo "1973"]
[PlyCount "119"]
[EventDate "2016.07.23"]
[EventType "swiss"]
[EventRounds "8"]
[EventCountry "CAN"]
[SourceTitle "EXT 2022"]
[Source "ChessBase"]
[SourceDate "2021.10.06"]
[SourceVersion "1"]
[SourceVersionDate "2021.10.06"]
[SourceQuality "1"]

1. e4 c5 2. Nf3 d6 3. c3 Nf6 4. Be2 Nbd7 5. d3 c4 6. Nbd2 cxd3 7. Bxd3 e6 8. 0-0 Be7 9. Nd4 a6 10. Bc2 Qc7 11. f4 0-0 12. g4 b5 13. g5 Ne8 14. N2f3 Bb7 15. a4 bxa4 16. Rxa4 Nc5 17. Rc4 d5 18. exd5 Bxd5 19. Rb4 Nd6 20. Ne5 Be4 21. Bxe4 Ncxe4 22. Ndc6 f6 23. Nxe7+ Qxe7 24. Nc6 Qe8 25. Nd4 e5 26. Nf5 Nxf5 27. Rxe4 Qc6 28. Qe2 Nd6 29. Re3 exf4 30. Rxf4 fxg5 31. Rxf8+ Rxf8 32. Re6 Qd5 33. Re5 Qb3 34. Bxg5 Nf7 35. Rc5 Nxg5 36. Rxg5 Qb6+ 37. Kh1 Qc6+ 38. Rg2 Re8 39. Qd2 a5 40. h3 a4 41. Kh2 Qc7+ 42. Kh1 Qb7 43. Kh2 Qc7+ 44. Kh1 Rd8 45. Qe2 Qd7 46. Qc4+ Kh8 47. Qg4 Qb7 48. Qxa4 Ra8 49. Qg4 Ra2 50. b4 Rc2 51. Qg3 h6 52. Kh2 Rc1 53. Qe5 Qd7 54. b5 Rb1 55. c4 Rc1 56. Qf4 Rc3 57. Rg3 Rc2+ 58. Kh1 Qd1+ 59. Rg1 Qd3 60. Qf8+ 1-0

[Event "Laval op"]
[Site "Laval"]
[Date "2016.06.26"]
[Round "6.7"]
[White "Morin, Louis"]
[Black "Mathieu, Guillaume"]
[Result "1-0"]
[WhiteElo "1894"]
[BlackElo "2037"]
[PlyCount "71"]
[EventDate "2016.06.23"]
[EventType "swiss"]
[EventRounds "7"]
[EventCountry "CAN"]
[SourceTitle "EXT 2022"]
[Source "ChessBase"]
[SourceDate "2021.10.06"]
[SourceVersion "1"]
[SourceVersionDate "2021.10.06"]
[SourceQuality "1"]

1. e4 d6 2. d4 g6 3. Nf3 Bg7 4. Bc4 Nf6 5. Qd3 0-0 6. 0-0 Nc6 7. c3 d5 8. exd5 Bf5 9. Qe2 Nxd5 10. Na3 Re8 11. Rd1 h6 12. Nb5 e6 13. Ne5 g5 14. Qf3 Nce7 15. h4 c6 16. hxg5 cxb5 17. Bxb5 hxg5 18. Bxe8 Qxe8 19. g4 Bh7 20. c4 Nf4 21. Bxf4 gxf4 22. Qxf4 Rd8 23. Rd2 Ng6 24. Nxg6 Bxg6 25. Rad1 e5 26. dxe5 Rxd2 27. Qxd2 Qxe5 28. b3 Kh7 29. f4 Qc5+ 30. Kf1 Qc6 31. Qh2+ Bh6 32. Rd5 f6 33. g5 fxg5 34. fxg5 Bd3+ 35. Rxd3 Kg8 36. Qxh6 1-0

[Event "Laval op"]
[Site "Laval"]
[Date "2016.06.26"]
[Round "7.7"]
[White "Tanaka, Taira Tyler"]
[Black "Morin, Louis"]
[Result "1/2-1/2"]
[WhiteElo "1483"]
[BlackElo "1894"]
[PlyCount "32"]
[EventDate "2016.06.23"]
[EventType "swiss"]
[EventRounds "7"]
[EventCountry "CAN"]
[SourceTitle "EXT 2022"]
[Source "ChessBase"]
[SourceDate "2021.10.06"]
[SourceVersion "1"]
[SourceVersionDate "2021.10.06"]
[SourceQuality "1"]

1. e4 e5 2. Nf3 d6 3. d4 Nf6 4. Nc3 Nbd7 5. Bc4 Be7 6. 0-0 0-0 7. Re1 c6 8. Bb3 b5 9. a3 a6 10. Bg5 h6 11. Bh4 Nh5 12. Bg3 Nxg3 13. hxg3 Bb7 14. Qd2 Qc7 15. Rad1 Rad8 16. Qc1 Rfe8 1/2-1/2

[Event "Laval op"]
[Site "Laval"]
[Date "2016.06.23"]
[Round "1.3"]
[White "Morin, Louis"]
[Black "Chipanga, Takaedza"]
[Result "0-1"]
[WhiteElo "1894"]
[BlackElo "2125"]
[PlyCount "100"]
[EventDate "2016.06.23"]
[EventType "swiss"]
[EventRounds "7"]
[EventCountry "CAN"]
[SourceTitle "EXT 2022"]
[Source "ChessBase"]
[SourceDate "2021.10.06"]
[SourceVersion "1"]
[SourceVersionDate "2021.10.06"]
[SourceQuality "1"]

1. e4 e5 2. Nf3 Nc6 3. Bb5 a6 4. Bxc6 dxc6 5. 0-0 Qf6 6. d4 exd4 7. Nxd4 Bd7 8. e5 Qg6 9. Be3 0-0-0 10. Qe2 Nh6 11. Rd1 Bc5 12. Nc3 Rhe8 13. Nf3 Bf8 14. Rd3 Ng4 15. Bf4 f6 16. Rad1 fxe5 17. Nxe5 Nxe5 18. Bxe5 Bd6 19. Re3 Bg4 20. f3 Bxe5 21. Rxd8+ Kxd8 22. Rxe5 Rxe5 23. Qxe5 Bxf3 24. Qd4+ Kc8 25. Qf2 Bd5 26. a3 Qf7 27. Qxf7 Bxf7 28. Nd1 Kd7 29. Kf2 Kd6 30. Ke3 Bg6 31. c3 Ke5 32. Kd2 Bf5 33. Ne3 Be6 34. Kd3 g6 35. g3 b6 36. c4 a5 37. Kc3 Kd6 38. Kd4 c5+ 39. Ke4 c6 40. a4 h6 41. b3 Bd7 42. g4 Ke6 43. h4 Kf6 44. Kf4 g5+ 45. hxg5+ hxg5+ 46. Ke4 Be8 47. Nf1 Bg6+ 48. Ke3 Bc2 49. Nd2 Bd1 50. Ne4+ Kg6 0-1

[Event "Montreal CC-ch"]
[Site "Montreal"]
[Date "2016.06.12"]
[Round "4.14"]
[White "Morin, Louis"]
[Black "Hebert, Mario"]
[Result "1-0"]
[WhiteElo "1872"]
[BlackElo "1487"]
[PlyCount "79"]
[EventDate "2016.06.10"]
[EventType "swiss"]
[EventRounds "5"]
[EventCountry "CAN"]
[SourceTitle "EXT 2022"]
[Source "ChessBase"]
[SourceDate "2021.10.06"]
[SourceVersion "1"]
[SourceVersionDate "2021.10.06"]
[SourceQuality "1"]

1. e4 e6 2. d4 d5 3. e5 c5 4. Qg4 cxd4 5. Nf3 Nc6 6. Bd3 h6 7. 0-0 Nge7 8. Re1 Bd7 9. Nbd2 Qb6 10. Nb3 Nb4 11. Nfxd4 Nxd3 12. cxd3 Nc6 13. Bd2 Nxd4 14. Ba5 Qb5 15. Qxd4 Be7 16. Bd2 0-0 17. Qg4 Qxd3 18. Bxh6 Qh7 19. Bd2 Rac8 20. Bc3 Rc4 21. Bd4 Rfc8 22. Qd1 Ba4 23. Bxa7 Rh4 24. h3 Rcc4 25. Rc1 Rxh3 26. gxh3 Qg6+ 27. Kh2 Rh4 28. Rc8+ Kh7 29. Qb1 f5 30. Qd3 Bg5 31. Be3 Bb5 32. Qxb5 Qh6 33. Qf1 f4 34. Bc1 f3 35. Bxg5 Qxg5 36. Qg1 Rxh3+ 37. Kxh3 Qh5+ 38. Kg3 Qg5+ 39. Kxf3 Qf5+ 40. Kg2 1-0

[Event "Montreal Mercredi 03"]
[Site "Montreal"]
[Date "2016.04.06"]
[Round "2"]
[White "Langlois Remillard, Alexis"]
[Black "Morin, Louis"]
[Result "1-0"]
[WhiteElo "1909"]
[BlackElo "1932"]
[PlyCount "53"]
[EventDate "2016.03.30"]
[EventType "swiss"]
[EventRounds "5"]
[EventCountry "CAN"]
[SourceTitle "EXT 2022"]
[Source "ChessBase"]
[SourceDate "2021.10.06"]
[SourceVersion "1"]
[SourceVersionDate "2021.10.06"]
[SourceQuality "1"]

1. b3 e5 2. Bb2 Nc6 3. e3 d5 4. Bb5 Bd6 5. f4 Qh4+ 6. g3 Qe7 7. Nf3 f6 8. Bxc6+ bxc6 9. fxe5 fxe5 10. Nxe5 Nf6 11. Nxc6 Qe4 12. 0-0 Bh3 13. Rf2 Ng4 14. Rf3 Rf8 15. Nd4 Ne5 16. Rxf8+ Kxf8 17. Qe2 Kg8 18. Nc3 Qg6 19. Nxd5 Bg4 20. Nf4 Qh6 21. Qg2 Rf8 22. Rf1 Kh8 23. Qd5 g5 24. Nde6 gxf4 25. Bxe5+ Bxe5 26. Qxe5+ Rf6 27. Rxf4 1-0